Tìm hiểu âm nhạc qua vi tính : Tổng phổ và phân phổ các điệu nhạc Band - In - A - Box
Shranjeno v:
| Glavni avtor: | |
|---|---|
| Format: | Knjiga |
| Jezik: | Undetermined |
| Izdano: |
Tp. HCM
Trẻ
1998
|
| Teme: | |
| Oznake: |
Označite
Brez oznak, prvi označite!
|
| Thư viện lưu trữ: | Trung tâm Học liệu Trường Đại học Cần Thơ |
|---|
| LEADER | 00566nam a2200193Ia 4500 | ||
|---|---|---|---|
| 001 | CTU_53449 | ||
| 008 | 210402s9999 xx 000 0 und d | ||
| 020 | |b 10000 | ||
| 082 | |a 781.34 | ||
| 082 | |b H523 | ||
| 100 | |a Huy Liêm | ||
| 245 | 0 | |a Tìm hiểu âm nhạc qua vi tính : Tổng phổ và phân phổ các điệu nhạc Band - In - A - Box | |
| 245 | 0 | |c Huy Liêm | |
| 260 | |a Tp. HCM | ||
| 260 | |b Trẻ | ||
| 260 | |c 1998 | ||
| 650 | |a music | ||
| 650 | |x computer programs | ||
| 980 | |a Trung tâm Học liệu Trường Đại học Cần Thơ | ||